Advances in numerical analysis / (Record no. 8374)

MARC details
000 -LEADER
fixed length control field 01733cam a2200337 a 4500
001 - CONTROL NUMBER
control field 4377496
003 - CONTROL NUMBER IDENTIFIER
control field OSt
005 - DATE AND TIME OF LATEST TRANSACTION
control field 20240614104508.0
008 - FIXED-LENGTH DATA ELEMENTS--GENERAL INFORMATION
fixed length control field 910131m19911992enka b 100 0 eng
010 ## - LIBRARY OF CONGRESS CONTROL NUMBER
LC control number 91008613
020 ## - INTERNATIONAL STANDARD BOOK NUMBER
International Standard Book Number 0198534388 (v. 1) :
Terms of availability $45.00
020 ## - INTERNATIONAL STANDARD BOOK NUMBER
International Standard Book Number 0198534396 (v. 2)
040 ## - CATALOGING SOURCE
Original cataloging agency DLC
Transcribing agency DLC
Modifying agency DLC
Language of cataloging MUST
082 00 - DEWEY DECIMAL CLASSIFICATION NUMBER
Classification number 515
Item number LIG 1992
245 00 - TITLE STATEMENT
Title Advances in numerical analysis /
Statement of responsibility, etc. edited by Will Light.
260 ## - PUBLICATION, DISTRIBUTION, ETC. (IMPRINT)
Place of publication, distribution, etc. Oxford :
Name of publisher, distributor, etc. Clarendon Press ;
Place of publication, distribution, etc. New York :
Name of publisher, distributor, etc. Oxford University Press,
Date of publication, distribution, etc. 1992.
300 ## - PHYSICAL DESCRIPTION
Extent 2 v. :
Other physical details ill. ;
Dimensions 24 cm.
440 #0 - SERIES STATEMENT/ADDED ENTRY--TITLE
Title Oxford science publications
500 ## - GENERAL NOTE
General note "Proceedings of the fourth Summer School in Numerical Analysis, which was held at Lancaster University from 15th July to 3rd August 1990 ... sponsored by the Science and Engineering Research Council of Great Britain"--Pref.
504 ## - BIBLIOGRAPHY, ETC. NOTE
Bibliography, etc Includes bibliographical references.
505 0# - FORMATTED CONTENTS NOTE
Formatted contents note v. 1. Nonlinear partial differential equations and dynamical systems -- v. 2. Wavelets, subdivision algorithms, and radial basis functions.
650 #0 - SUBJECT ADDED ENTRY--TOPICAL TERM
Topical term or geographic name as entry element Numerical analysis
General subdivision Congresses.
9 (RLIN) 17032
700 1# - ADDED ENTRY--PERSONAL NAME
Personal name Light, W. A.
Fuller form of name (William Allan),
Dates associated with a name 1950-
9 (RLIN) 17033
710 2# - ADDED ENTRY--CORPORATE NAME
Corporate name or jurisdiction name as entry element Science and Engineering Research Council (Great Britain)
9 (RLIN) 17034
711 2# - ADDED ENTRY--MEETING NAME
Meeting name or jurisdiction name as entry element Summer School in Numerical Analysis
Date of meeting (1990 :
Location of meeting Lancaster University)
9 (RLIN) 17035
856 42 - ELECTRONIC LOCATION AND ACCESS
Materials specified Publisher description
Uniform Resource Identifier http://www.loc.gov/catdir/enhancements/fy0636/91008613-d.html
856 41 - ELECTRONIC LOCATION AND ACCESS
Materials specified Table of contents only
Uniform Resource Identifier http://www.loc.gov/catdir/enhancements/fy0636/91008613-t.html
906 ## - LOCAL DATA ELEMENT F, LDF (RLIN)
a 7
b cbc
c orignew
d 1
e ocip
f 19
g y-gencatlg
942 ## - ADDED ENTRY ELEMENTS (KOHA)
Source of classification or shelving scheme Dewey Decimal Classification
Koha item type Open Shelf
Holdings
Withdrawn status Lost status Source of classification or shelving scheme Damaged status Not for loan Home library Current library Date acquired Source of acquisition Inventory number Total Checkouts Full call number Barcode Date last seen Price effective from Koha item type
    Dewey Decimal Classification     MUST Main Library MUST Main Library 11/06/2024 Donation 10086   515 ADV 1991 2024-20263 11/06/2024 11/06/2024 Open Shelf
    Dewey Decimal Classification     MUST Main Library MUST Main Library 11/06/2024 Donation 10090   515 ADV 1991 2024-20264 11/06/2024 11/06/2024 Open Shelf
    Dewey Decimal Classification     MUST Main Library MUST Main Library 11/06/2024 Donation 10087   515 ADV 1991 2024-20265 11/06/2024 11/06/2024 Open Shelf
    Dewey Decimal Classification     MUST Main Library MUST Main Library 11/06/2024 Donation 10083   515 ADV 1991 2024-20267 11/06/2024 11/06/2024 Open Shelf
    Dewey Decimal Classification     MUST Main Library MUST Main Library 14/06/2024 Donation 10084   515 ADV 1991 2024-20470 14/06/2024 14/06/2024 Open Shelf
    Dewey Decimal Classification     MUST Main Library MUST Main Library 14/06/2024 Donation 10082   515 ADV 1991 2024-20471 14/06/2024 14/06/2024 Open Shelf
    Dewey Decimal Classification     MUST Main Library MUST Main Library 14/06/2024 Donation 10081   515 ADV 1991 2024-20472 14/06/2024 14/06/2024 Open Shelf
    Dewey Decimal Classification     MUST Main Library MUST Main Library 14/06/2024 Donation 10088   515 ADV 1991 2024-20473 14/06/2024 14/06/2024 Open Shelf
    Dewey Decimal Classification     MUST Main Library MUST Main Library 14/06/2024 Donation 10085   515 ADV 1991 2024-20530 14/06/2024 14/06/2024 Open Shelf